000
00280nam a22001217a 4500
008
230602b xxu||||| |||| 00| 0 eng d
082
_a
291.38
_b
NGU
100
_d
2009
245
_a
Celebrating the life of Leonard James Ngugi
300
_a
15
500
_a
Picture
942
_2
ddc
_c
BK
999
_c
140
_d
140